000 00659nam a22002297a 4500
003 UA-OsUOA
001 88211
007 ta
008 20121002b un ||||| |||| 00| 0 ukr d
100 _aЭсалнек А.Я.
090 _a82.09
_bЭ 84
942 _cBK
040 _aUA-OsUOA
_brus
_cUA-OsUOA
_dUA-OsUOA
245 _aВнутрижанровая типология и пути ее изучения
300 _a181 с.
955 _a4
041 _arus
080 _a82.09
260 _aМ.
_bМосковский университет
_c1985
650 7 _a82 Література. Літературознавство
_2UDC
999 _c374637
_d374637